Statistics for 2010-24 EA SPORTS NHL GAME COVERS

Click here to take the quiz!

General Stats

  • This quiz has been taken 100 times
  • The average score is 11 of 15

Answer Stats

HintAnswer% Correct
NHL 18Connor McDavid
96%
NHL 22Auston Matthews
92%
NHL 20Auston Matthews
92%
NHL 21Alexander Ovechkin
87%
NHL 24Cale Makar
87%
NHL 19PK Subban
81%
NHL 23Trevor Zegras
79%
NHL 10Patrick Kane
77%
NHL 16Jonathan Toews
73%
NHL 11Jonathan Toews
73%
NHL 12Steven Stamkos
69%
NHL 15Patrice Bergeron
67%
NHL 17Vladimir Tarasenko
65%
NHL 14Martin Brodeur
57%
NHL 13Claude Giroux
51%

Score Distribution

Percentile by Number Answered

Percent of People with Each Score

Your Score History

You have not taken this quiz